[Event "European Youth Chess Championship B12"]
[Site "Prague, Top Hotel Prague"]
[Date "2016.08.22"]
[Round "5.18"]
[White "Tanriverdi, Enes"]
[Black "Ratnesan, Ranesh"]
[Result "1-0"]
[WhiteElo "1991"]
[BlackElo "1714"]
[PlyCount "81"]
[EventDate "2016.08.18"]

1. d4 Nf6 2. c4 g6 3. Nc3 Bg7 4. e4 d6 5. Nf3 O-O 6. Be2 Nbd7 7. O-O e5 8. Be3
c6 9. d5 c5 10. Bg5 h6 11. Bd2 Ne8 12. Qc1 Kh7 13. Ne1 f5 14. g3 Ndf6 15. f3
Qe7 16. Ng2 Bd7 17. exf5 gxf5 18. Qc2 Ng8 19. Bd3 Qf6 20. Kh1 Kh8 21. Rae1 Ne7
22. Nd1 b5 23. b3 b4 24. a3 a5 25. a4 Kg8 26. Rg1 Qf7 27. Ref1 Nf6 28. Nde3 Nh7
29. g4 Ng5 30. Nh4 Nh3 31. Rg3 f4 32. Rxh3 fxe3 33. Bxe3 Qe8 34. Rg1 Rf6 35.
Rhg3 Kh8 36. g5 hxg5 37. Bxg5 Rf7 38. Bxe7 Rxe7 39. Ng6+ Kg8 40. Nxe7+ Qxe7 41.
Qg2 1-0

[Event "European Youth Chess Championship B12"]
[Site "Prague, Top Hotel Prague"]
[Date "2016.08.22"]
[Round "5.19"]
[White "Koelle, Tobias"]
[Black "Ahmadzada, Ahmad"]
[Result "0-1"]
[WhiteElo "1866"]
[BlackElo "2113"]
[PlyCount "92"]
[EventDate "2016.08.18"]

1. e4 c5 2. Nf3 e6 3. d4 cxd4 4. Nxd4 d6 5. Nc3 Nc6 6. Be3 Nf6 7. g4 Nxd4 8.
Bxd4 e5 9. Be3 Bxg4 10. Bb5+ Bd7 11. Qd3 Bc6 12. O-O-O Be7 13. Rhg1 g6 14. Bh6
Rg8 15. f4 a6 16. Bxc6+ bxc6 17. fxe5 dxe5 18. Qf3 Qc7 19. Bg5 Nh5 20. Bxe7
Kxe7 21. Qe3 Qa7 22. Qg5+ f6 23. Qh6 Ke6 24. Qd2 Rgd8 25. Qe2 Qc5 26. Rgf1 Nf4
27. Qg4+ Ke7 28. Qh4 h5 29. Na4 Qb4 30. b3 Qxe4 31. Qf2 Qb4 32. Kb2 Kf7 33. a3
Qb7 34. Nb6 Rab8 35. Nc4 Kg7 36. Qc5 Rd5 37. Rxd5 cxd5 38. Na5 Qd7 39. a4 Rc8
40. Qb6 Qc7 41. Qxa6 Qxc2+ 42. Ka1 Qc3+ 43. Ka2 Qd2+ 44. Ka3 Rc2 45. Qb7+ Kh6
46. Nc4 Ra2# 0-1

[Event "European Youth Chess Championship B12"]
[Site "Prague, Top Hotel Prague"]
[Date "2016.08.22"]
[Round "5.20"]
[White "Tsaruk, Maksim"]
[Black "Czernek, Tymon"]
[Result "0-1"]
[WhiteElo "2098"]
[BlackElo "1847"]
[PlyCount "74"]
[EventDate "2016.08.18"]

1. e4 c5 2. Nf3 d6 3. d4 cxd4 4. Nxd4 Nf6 5. Nc3 a6 6. Be3 e5 7. Nb3 Be7 8. f3
Be6 9. Nd5 Bxd5 10. exd5 Nbd7 11. c4 O-O 12. Be2 Nh5 13. Qd2 f5 14. Na5 f4 15.
Bf2 Bh4 16. g3 Nxg3 17. hxg3 fxg3 18. Be3 g2+ 19. Rxh4 Qxh4+ 20. Kd1 e4 21. f4
Rxf4 22. Kc2 Rf2 23. Rg1 Ne5 24. Nxb7 Rb8 25. Nxd6 Nf3 26. Bxf2 Qxf2 27. Rxg2
Qxg2 28. Qe3 Nd4+ 29. Qxd4 Qxe2+ 30. Kc1 Rf8 31. Qd1 Rf1 32. Qxf1 Qxf1+ 33. Kd2
Qf4+ 34. Kc3 Qxd6 35. Kd4 Qe7 36. c5 e3 37. d6 Qe6 0-1

[Event "European Youth Chess Championship B12"]
[Site "Prague, Top Hotel Prague"]
[Date "2016.08.22"]
[Round "5.21"]
[White "Yaniv, Yuval"]
[Black "Tsvetkov, Andrey"]
[Result "0-1"]
[WhiteElo "1845"]
[BlackElo "2096"]
[PlyCount "58"]
[EventDate "2016.08.18"]

1. e4 e6 2. d4 d5 3. Nd2 Nc6 4. Ngf3 Nf6 5. e5 Nd7 6. c3 f6 7. exf6 Qxf6 8. Nb3
Bd6 9. Bd3 O-O 10. O-O e5 11. dxe5 Ndxe5 12. Be2 Be6 13. Be3 Kh8 14. Nfd4 Nxd4
15. Nxd4 c6 16. a4 Bd7 17. Nb3 Qh4 18. g3 Qh3 19. f4 Ng4 20. Bxg4 Bxg4 21. Qd2
Bf5 22. Nd4 Be4 23. Nf3 h6 24. Rae1 a6 25. Bd4 Rae8 26. b4 Bxf4 27. Qb2 Bxf3
28. Rxe8 Rxe8 29. Rxf3 Re1+ 0-1

[Event "European Youth Chess Championship B12"]
[Site "Prague, Top Hotel Prague"]
[Date "2016.08.22"]
[Round "5.22"]
[White "Musyuk, Lior"]
[Black "Hommel, Niclas"]
[Result "1-0"]
[WhiteElo "2087"]
[BlackElo "1816"]
[PlyCount "81"]
[EventDate "2016.08.18"]

1. e4 c5 2. Nf3 Nc6 3. Nc3 e5 4. Bc4 d6 5. h3 Be7 6. d3 a6 7. a4 Nf6 8. O-O O-O
9. Bd2 Nd4 10. Nxd4 cxd4 11. Nd5 Nxd5 12. Bxd5 Qc7 13. f4 Bd7 14. Kh2 Bc6 15.
Bb3 Rad8 16. Qh5 Bf6 17. f5 d5 18. Qf3 dxe4 19. dxe4 b5 20. axb5 Bxb5 21. Ba5
Qd6 22. Bxd8 Qxd8 23. Rfb1 Qb6 24. Bd5 Qc7 25. c4 dxc3 26. Qxc3 Qb6 27. b4 Be7
28. Ra2 Kh8 29. Qb3 Qh6 30. Qc3 Qf6 31. Rab2 Qb6 32. Rc1 Bd6 33. Kh1 h6 34. Bc4
Rc8 35. Qb3 Qc6 36. Rbc2 Qb6 37. Bxb5 Rxc2 38. Rxc2 Qxb5 39. Qxf7 Kh7 40. Qg6+
Kg8 41. Qxd6 1-0

[Event "European Youth Chess Championship B12"]
[Site "Prague, Top Hotel Prague"]
[Date "2016.08.22"]
[Round "5.23"]
[White "Mathieu, Phileas"]
[Black "Solomon, Asif"]
[Result "0-1"]
[WhiteElo "1835"]
[BlackElo "2057"]
[PlyCount "60"]
[EventDate "2016.08.18"]

1. e4 c5 2. Nf3 d6 3. d4 cxd4 4. Qxd4 Nc6 5. Bb5 Bd7 6. Bxc6 Bxc6 7. Nc3 h6 8.
Be3 e5 9. Qd3 Nf6 10. O-O-O Be7 11. Nh4 g6 12. h3 Qd7 13. Nf3 b5 14. Nd2 Qb7
15. Nb3 a5 16. f4 b4 17. fxe5 bxc3 18. exf6 Bxf6 19. Bd4 cxb2+ 20. Kxb2 Bxd4+
21. Qxd4 O-O 22. Kc1 Bxe4 23. Qxd6 Rab8 24. Qd4 Rfc8 25. c3 a4 26. Qxa4 Rxc3+
27. Kd2 Rc2+ 28. Ke3 Bxg2 29. Nd2 Rc3+ 30. Kd4 Rbc8 0-1

[Event "European Youth Chess Championship B12"]
[Site "Prague, Top Hotel Prague"]
[Date "2016.08.22"]
[Round "5.24"]
[White "Koziorowicz, Michal"]
[Black "Spyropoulos, Nikolaos"]
[Result "1/2-1/2"]
[WhiteElo "1816"]
[BlackElo "2045"]
[PlyCount "137"]
[EventDate "2016.08.18"]

1. e4 e6 2. d4 d5 3. Nd2 c5 4. Ngf3 cxd4 5. Nxd4 Nf6 6. exd5 Nxd5 7. c3 Be7 8.
N2f3 Bf6 9. Bb5+ Bd7 10. Bxd7+ Nxd7 11. O-O O-O 12. Re1 Rc8 13. Qe2 Nc5 14. Be3
a6 15. Rad1 Qe8 16. Bg5 Bxd4 17. Nxd4 f6 18. Nxe6 Nxe6 19. Qxe6+ Qxe6 20. Rxe6
Nc7 21. Re7 fxg5 22. Rdd7 Ne8 23. Rxb7 Rf6 24. c4 Kf8 25. b3 Rd8 26. Red7 Rc8
27. f3 Rc5 28. Rd4 Rcc6 29. Rbd7 Nd6 30. Ra7 Rf7 31. Rxf7+ Kxf7 32. Rd5 h6 33.
Kf2 Ke6 34. Ke3 Rc8 35. Ra5 Rxc4 36. Rxa6 Rc2 37. g4 Rxh2 38. a4 Rb2 39. Rb6
Kd7 40. a5 Kc7 41. Kd4 g6 42. Ke5 h5 43. gxh5 gxh5 44. Kf6 g4 45. fxg4 hxg4 46.
Rb4 g3 47. Rg4 Rxb3 48. Ke5 Nb5 49. Rg6 Kb7 50. Kd5 Nc7+ 51. Ke4 Ra3 52. a6+
Nxa6 53. Kf4 Nb4 54. Rxg3 Nd5+ 55. Kg4 Nf6+ 56. Kh3 Ra5 57. Rg6 Rf5 58. Rg7+
Kc6 59. Re7 Kd6 60. Re1 Kd5 61. Kg3 Ne4+ 62. Kg4 Ke5 63. Ra1 Rg5+ 64. Kf3 Rg3+
65. Ke2 Kf4 66. Rf1+ Ke5 67. Ra1 Rg2+ 68. Kf3 Rf2+ 69. Ke3 1/2-1/2

[Event "European Youth Chess Championship B12"]
[Site "Prague, Top Hotel Prague"]
[Date "2016.08.22"]
[Round "5.25"]
[White "Coca, Cristi-Iulian"]
[Black "Ingebretsen, Jens E"]
[Result "0-1"]
[WhiteElo "1929"]
[BlackElo "1841"]
[PlyCount "80"]
[EventDate "2016.08.18"]

1. c4 c6 2. e4 d5 3. exd5 cxd5 4. cxd5 Nf6 5. Nc3 Nxd5 6. Nf3 Nc6 7. Bb5 e6 8.
O-O Be7 9. d4 O-O 10. Re1 Bf6 11. Bxc6 bxc6 12. Ne5 Nxc3 13. bxc3 Qa5 14. Qc2
c5 15. Be3 Qc7 16. Ng4 Be7 17. dxc5 f5 18. Bd4 fxg4 19. Qe4 Bd7 20. Qxg4 Rf7
21. Qe4 Raf8 22. Rab1 Bc8 23. c6 Bd6 24. h3 e5 25. Be3 Bf5 26. Qa4 Bxb1 27.
Rxb1 Rb8 28. Rd1 Rc8 29. Qb3 Qxc6 30. Bxa7 Qxc3 31. Qe6 Qc4 32. Qxd6 Rxa7 33.
Qxe5 Rf7 34. a3 Qc5 35. Rd8+ Rf8 36. Qe6+ Kh8 37. Rxc8 Qxc8 38. Qd6 Qb8 39. Qc5
Rc8 40. Qe3 Qc7 0-1

[Event "European Youth Chess Championship B12"]
[Site "Prague, Top Hotel Prague"]
[Date "2016.08.22"]
[Round "5.26"]
[White "Dobrikov, Marco"]
[Black "Fridensteins-Bridins, Atis"]
[Result "1-0"]
[WhiteElo "1911"]
[BlackElo "1347"]
[PlyCount "79"]
[EventDate "2016.08.18"]

1. e4 d5 2. exd5 Nf6 3. Bb5+ Bd7 4. Be2 Nxd5 5. d4 Bf5 6. a3 e6 7. c4 Nf6 8.
Nc3 c6 9. Nf3 Be7 10. O-O O-O 11. Nh4 Be4 12. Re1 h6 13. Nxe4 Nxe4 14. Nf3 Nd7
15. Bd3 Nef6 16. b3 Nb6 17. Bb2 Rc8 18. Bc2 Re8 19. Qd3 Nbd7 20. Rad1 a6 21.
Ne5 Nxe5 22. Rxe5 g6 23. Rxe6 Kh7 24. Rde1 Rc7 25. d5 Rg8 26. d6 fxe6 27. dxc7
Qxc7 28. Rxe6 Kg7 29. Qxg6+ Kf8 30. Qxh6+ Kf7 31. Rxf6+ Bxf6 32. Qxf6+ Ke8 33.
Qe6+ Kf8 34. Be5 Qf7 35. Qc8+ Ke7 36. Qxb7+ Kf8 37. Qxc6 Qh5 38. Bd6+ Kf7 39.
Qd7+ Kf6 40. Qe7# 1-0

[Event "European Youth Chess Championship B12"]
[Site "Prague, Top Hotel Prague"]
[Date "2016.08.22"]
[Round "5.27"]
[White "Vantuch, Lucian"]
[Black "Astner, Sebastian"]
[Result "1/2-1/2"]
[WhiteElo "1796"]
[BlackElo "1893"]
[PlyCount "75"]
[EventDate "2016.08.18"]

1. e4 d5 2. exd5 Qxd5 3. Nf3 Nf6 4. Nc3 Qd6 5. d4 a6 6. h3 e6 7. Bd3 g6 8. Bg5
Bg7 9. Qd2 Nc6 10. Bxf6 Bxf6 11. Ne4 Qe7 12. Nxf6+ Qxf6 13. c3 Bd7 14. O-O O-O
15. Rfe1 Rad8 16. b4 Rfe8 17. a4 b5 18. axb5 axb5 19. Bxb5 Qg7 20. Bxc6 Bxc6
21. Ne5 Bd5 22. Qf4 f6 23. Ng4 Rf8 24. Ra7 Rd7 25. c4 g5 26. Qc1 Ba8 27. Rxe6
Rxd4 28. Qa1 Qd7 29. Rxa8 Rd1+ 30. Kh2 Rxa1 31. Nxf6+ Kg7 32. Nxd7 Rfxa8 33.
Re7+ Kg6 34. Nc5 Rc1 35. Rxc7 Rxc4 36. Rc6+ Kf7 37. Rc7+ Kg6 38. Rc6+ 1/2-1/2

[Event "European Youth Chess Championship B12"]
[Site "Prague, Top Hotel Prague"]
[Date "2016.08.22"]
[Round "5.28"]
[White "Mansoor, Afras"]
[Black "Karaoglan, Doruk"]
[Result "0-1"]
[WhiteElo "1728"]
[BlackElo "1889"]
[PlyCount "94"]
[EventDate "2016.08.18"]

1. d4 Nf6 2. Bg5 c5 3. d5 Ne4 4. Bc1 g6 5. f3 Nf6 6. e4 d6 7. c3 Bg7 8. Be3 a6
9. a4 Nbd7 10. Qd2 O-O 11. Na3 Rb8 12. Bd3 Ne5 13. Be2 Re8 14. g4 Rf8 15. h4 h5
16. gxh5 Nxh5 17. Nh3 Bxh3 18. Rxh3 Qd7 19. Rh2 Kh7 20. c4 Qxa4 21. f4 Nd7 22.
Nc2 Qb3 23. Bxh5 gxh5 24. Rg2 Nf6 25. Rg5 Bh6 26. Rf5 Qxc4 27. e5 Qe4 28. Rg5
Bxg5 29. hxg5 Qh1+ 30. Ke2 Qg2+ 31. Bf2 Ne4 32. Qe3 Qxf2+ 33. Qxf2 Nxf2 34.
Kxf2 dxe5 35. fxe5 Kg6 36. Ne3 Kxg5 37. Kf3 e6 38. d6 f6 39. Rg1+ Kh6 40. Ke4
f5+ 41. Kf4 b5 42. Rd1 Kg7 43. Rg1+ Kf7 44. Rh1 Rh8 45. Rg1 h4 46. Nxf5 exf5
47. Kxf5 Rh5+ 0-1

[Event "European Youth Chess Championship B12"]
[Site "Prague, Top Hotel Prague"]
[Date "2016.08.22"]
[Round "5.29"]
[White "Petkov, Momchil"]
[Black "Sarginalp, Tuna"]
[Result "1-0"]
[WhiteElo "1997"]
[BlackElo "1646"]
[PlyCount "142"]
[EventDate "2016.08.18"]

1. e4 e5 2. Nf3 Nc6 3. Bc4 Bc5 4. c3 Nf6 5. d3 a6 6. O-O Ba7 7. Nbd2 d6 8. h3
Na5 9. Qe2 Nxc4 10. Nxc4 b5 11. Ne3 O-O 12. Bd2 Re8 13. Kh1 d5 14. exd5 Nxd5
15. Nxd5 Qxd5 16. c4 Qd6 17. Qe4 Rb8 18. Bc3 Bb7 19. Qe2 b4 20. Bd2 Rbd8 21.
Rad1 a5 22. Be3 Bd4 23. b3 Qf6 24. Rfe1 Re6 25. Ng5 Qg6 26. f3 Ree8 27. Ne4 f5
28. Nf2 Qg3 29. Kg1 c5 30. Nh1 Qg5 31. Qf2 Bxe3 32. Qxe3 Qxe3+ 33. Rxe3 Kf7 34.
Rde1 e4 35. fxe4 fxe4 36. dxe4 Rd2 37. Ng3 Rxa2 38. Rd3 a4 39. Nf5 Kg8 40. Rd7
Bc8 41. Ne7+ Kh8 42. Nxc8 Rxc8 43. bxa4 b3 44. e5 b2 45. e6 Ra1 46. Rdd1 Rxa4
47. e7 Raa8 48. Rb1 Re8 49. Rxb2 Kg8 50. Rb5 Rac8 51. Re5 Kf7 52. Rbxc5 Rxc5
53. Rxc5 Rxe7 54. Kf2 Ke6 55. Kf3 Kd6 56. Rd5+ Kc6 57. Rd2 Kc5 58. Rc2 Re5 59.
Kf4 Re6 60. h4 Re1 61. g3 Re7 62. h5 Re1 63. g4 Re7 64. Kg5 Rf7 65. Kh4 Rf4 66.
Ra2 Rf7 67. Rc2 Rf4 68. Re2 Rf7 69. Re4 Kb4 70. g5 g6 71. hxg6 hxg6 1-0

[Event "European Youth Chess Championship B12"]
[Site "Prague, Top Hotel Prague"]
[Date "2016.08.22"]
[Round "5.30"]
[White "Mica, Marek"]
[Black "Mochalin, Faddey"]
[Result "0-1"]
[WhiteElo "1795"]
[BlackElo "2020"]
[PlyCount "120"]
[EventDate "2016.08.18"]

1. d4 d5 2. c4 c6 3. Nc3 Nf6 4. Nf3 e6 5. Bg5 dxc4 6. a4 Bb4 7. Bxf6 gxf6 8. e3
b5 9. Nd2 Bb7 10. axb5 Bxc3 11. bxc3 cxb5 12. Qb1 Bc6 13. f3 a6 14. g3 Nd7 15.
Bg2 O-O 16. O-O Qc7 17. e4 a5 18. f4 Nb6 19. f5 e5 20. d5 Bd7 21. Rf3 Qc5+ 22.
Kh1 Kg7 23. g4 h6 24. Qc1 Rh8 25. h4 Kf8 26. Nf1 Ke7 27. Nh2 b4 28. g5 h5 29.
gxf6+ Kd6 30. Rf1 Na4 31. Nf3 Rae8 32. cxb4 axb4 33. Ng5 Rhf8 34. Bf3 b3 35.
Rb1 Rb8 36. Bxh5 c3 37. Nxf7+ Rxf7 38. Bxf7 c2 39. Be6 cxb1=Q 40. Qxc5+ Nxc5
41. Rxb1 b2 42. Bxd7 Kxd7 43. f7 Ke7 44. Kg2 Nxe4 45. h5 Kxf7 46. h6 Nc3 47.
Re1 b1=Q 48. Rxb1 Nxb1 49. d6 Kf6 50. d7 Rd8 51. h7 Kg7 52. f6+ Kxh7 53. f7 Kg7
54. Kf3 Kxf7 55. Ke4 Ke6 56. Ke3 Rxd7 57. Ke4 Nc3+ 58. Ke3 Rd4 59. Kf2 Re4 60.
Kf1 Nd1 0-1

[Event "European Youth Chess Championship B12"]
[Site "Prague, Top Hotel Prague"]
[Date "2016.08.22"]
[Round "5.31"]
[White "Stoyanov, Georgi"]
[Black "Bacrot, Alexandre"]
[Result "1/2-1/2"]
[WhiteElo "1810"]
[BlackElo "1961"]
[PlyCount "85"]
[EventDate "2016.08.18"]

1. e4 c5 2. Nf3 d6 3. Bb5+ Nc6 4. Bxc6+ bxc6 5. h3 e5 6. O-O Nf6 7. Re1 Be7 8.
c3 O-O 9. d4 cxd4 10. cxd4 Qc7 11. Nc3 h6 12. Be3 Rb8 13. Qc2 Be6 14. Rac1 Rbc8
15. Qe2 c5 16. dxc5 dxc5 17. b3 c4 18. Nd5 Nxd5 19. exd5 Bxd5 20. Red1 Bxf3 21.
Qxf3 c3 22. Rc2 a5 23. Rd3 Bb4 24. Bc1 Qe7 25. Qg4 Rc6 26. Qe4 Rg6 27. a3 Bxa3
28. Rdxc3 Bxc1 29. Rxc1 Rd8 30. h4 Rgd6 31. Re1 Rd5 32. h5 Qb4 33. Qxb4 axb4
34. Rc4 Rb8 35. Rce4 Rdb5 36. g4 f6 37. Kg2 R5b7 38. f4 Kf7 39. fxe5 fxe5 40.
Kf2 Ke6 41. Ke2 Kd5 42. Kd2 Rb6 43. Ke2 1/2-1/2

[Event "European Youth Chess Championship B12"]
[Site "Prague, Top Hotel Prague"]
[Date "2016.08.22"]
[Round "5.32"]
[White "Melkumiants, Alexandr"]
[Black "Sosovicka, Jakub"]
[Result "1-0"]
[WhiteElo "1794"]
[BlackElo "1959"]
[PlyCount "121"]
[EventDate "2016.08.18"]

1. Nf3 d5 2. c4 e6 3. g3 Nf6 4. Bg2 Be7 5. O-O O-O 6. d4 dxc4 7. Qa4 a6 8. Qxc4
b5 9. Qc2 Bb7 10. Nbd2 Nbd7 11. Nb3 Be4 12. Qd1 c5 13. dxc5 Nxc5 14. Nxc5 Bxc5
15. Qxd8 Rfxd8 16. Bg5 Rac8 17. Rac1 Bb6 18. b3 h6 19. Bxf6 gxf6 20. Rfd1 Rxd1+
21. Rxd1 Bf5 22. Nh4 Bg4 23. Bf3 Bh3 24. Be4 f5 25. Bd3 Bg4 26. Kg2 Kg7 27. f3
Bh5 28. h3 f6 29. g4 fxg4 30. fxg4 Be8 31. Be4 Rd8 32. Rxd8 Bxd8 33. Nf3 Bb6
34. Kf1 Bg6 35. Bxg6 Kxg6 36. Ke1 h5 37. gxh5+ Kxh5 38. Kd2 Kg6 39. Kd3 Kf5 40.
e3 e5 41. Nh4+ Ke6 42. Ke4 Bc5 43. Nf5 Kf7 44. Kd5 Ba3 45. Nd6+ Kg6 46. Ke6 Bc5
47. Nf5 e4 48. h4 a5 49. Ng3 Bxe3 50. Nxe4 f5 51. h5+ Kxh5 52. Kxf5 a4 53. b4
Bc1 54. Nc3 Bd2 55. Nd5 Kh4 56. Ke5 Be1 57. Kd6 Kg5 58. Kc5 a3 59. Kxb5 Kf5 60.
Ka4 Ke5 61. Ne3 1-0

[Event "European Youth Chess Championship B12"]
[Site "Prague, Top Hotel Prague"]
[Date "2016.08.22"]
[Round "5.33"]
[White "Bochnicka, Vladimir"]
[Black "Rosol, Alexander"]
[Result "1-0"]
[WhiteElo "1953"]
[BlackElo "1779"]
[PlyCount "49"]
[EventDate "2016.08.18"]

1. e4 e5 2. Nf3 Nc6 3. d4 exd4 4. Nxd4 Bc5 5. Be3 Qf6 6. c3 Nge7 7. g3 Qg6 8.
Bg2 Ne5 9. O-O Nc4 10. Bf4 Bd6 11. e5 Nxe5 12. Re1 Nd3 13. Be4 Nxb2 14. Qe2 Qf6
15. Bxd6 Qxd6 16. Qxb2 g6 17. Qe2 h5 18. Nb5 Qc5 19. Nd2 h4 20. Nb3 Qg5 21.
Rad1 hxg3 22. fxg3 f5 23. Rf1 fxe4 24. Nxc7+ Kd8 25. Ne6+ 1-0

[Event "European Youth Chess Championship B12"]
[Site "Prague, Top Hotel Prague"]
[Date "2016.08.22"]
[Round "5.34"]
[White "Gucaga, Augustas"]
[Black "Nguyen, Lucas"]
[Result "0-1"]
[WhiteElo "1902"]
[BlackElo "1806"]
[PlyCount "74"]
[EventDate "2016.08.18"]

1. e4 c5 2. Nf3 Nc6 3. d4 cxd4 4. Nxd4 g6 5. Nc3 Bg7 6. Be3 Nf6 7. Bc4 O-O 8.
Bb3 a6 9. O-O d6 10. f4 Ng4 11. Nxc6 bxc6 12. Bd4 e5 13. fxe5 c5 14. Bf2 Bxe5
15. h3 Nxf2 16. Rxf2 Bd4 17. Qf3 Bxf2+ 18. Qxf2 Kg7 19. Rd1 Qe7 20. Qg3 Rd8 21.
e5 dxe5 22. Rxd8 Qxd8 23. Qxe5+ Qf6 24. Qxc5 Bb7 25. Qc7 Bc6 26. Bxf7 Kh8 27.
Kh2 Rf8 28. Bc4 Bxg2 29. Qg3 Bb7 30. Bd3 g5 31. Nd1 Qc6 32. Qe5+ Qf6 33. Qg3 h5
34. b3 h4 35. Qg4 Qe5+ 36. Kg1 Qe1+ 37. Kh2 Qh1# 0-1

[Event "European Youth Chess Championship B12"]
[Site "Prague, Top Hotel Prague"]
[Date "2016.08.22"]
[Round "5.35"]
[White "Hakobyan, Eduard"]
[Black "Bin-Suhayl, Ieysaa"]
[Result "1-0"]
[WhiteElo "1776"]
[BlackElo "1899"]
[PlyCount "47"]
[EventDate "2016.08.18"]

1. e4 c5 2. Nf3 d6 3. c3 Nf6 4. Be2 Bd7 5. d3 g6 6. O-O Bg7 7. Nbd2 Nc6 8. a4
O-O 9. Nc4 d5 10. exd5 Nxd5 11. Re1 Qc7 12. Bg5 Rfe8 13. Nfd2 Rad8 14. Ne4 b6
15. Bf3 Bf5 16. Qb3 Rd7 17. Ned6 Rf8 18. Nxf5 gxf5 19. Bxd5 Rxd5 20. Nxb6 Rxd3
21. Nd5 Qd6 22. Nxe7+ Nxe7 23. Bxe7 Rb8 24. Bxd6 1-0

[Event "European Youth Chess Championship B12"]
[Site "Prague, Top Hotel Prague"]
[Date "2016.08.22"]
[Round "5.36"]
[White "Marn, Jan"]
[Black "Motiu, Victor"]
[Result "1-0"]
[WhiteElo "1896"]
[BlackElo "1774"]
[PlyCount "119"]
[EventDate "2016.08.18"]

1. d4 d5 2. c4 e6 3. Nc3 Nf6 4. cxd5 exd5 5. Bg5 Nbd7 6. e3 c6 7. Bd3 Be7 8.
Qc2 O-O 9. Nge2 Re8 10. f3 Nf8 11. O-O Ne6 12. Bxf6 Bxf6 13. Bxh7+ Kf8 14. Bd3
Bg5 15. Nd1 Qb6 16. f4 Be7 17. Ng3 c5 18. Be2 Kg8 19. Kh1 cxd4 20. Nf5 dxe3 21.
Ndxe3 Nd4 22. Nxd4 Qxd4 23. Bb5 Rd8 24. Rae1 Bf6 25. b3 a6 26. Bd3 Bd7 27. Qd1
Rac8 28. Nxd5 Bb5 29. Bxb5 Rxd5 30. Bc4 Qxd1 31. Rxd1 Rxd1 32. Rxd1 b5 33. Bd3
Rd8 34. Be2 Rxd1+ 35. Bxd1 b4 36. g3 Bd4 37. Kg2 a5 38. Kf3 f6 39. Ke4 Bg1 40.
h3 Kf7 41. f5 Bb6 42. Kd5 Ke7 43. Kc6 Bf2 44. g4 Be3 45. Kb5 Kd6 46. Kxa5 Kc5
47. Ka4 Bc1 48. h4 Ba3 49. g5 Kd6 50. h5 Ke7 51. g6 Kf8 52. Be2 Ke7 53. Bc4 Bc1
54. Kxb4 Kd6 55. Kb5 Ke5 56. Be6 Kd6 57. a4 Kc7 58. b4 Be3 59. Ka6 Kb8 60. b5
1-0

[Event "European Youth Chess Championship B12"]
[Site "Prague, Top Hotel Prague"]
[Date "2016.08.22"]
[Round "5.37"]
[White "Verma, Aditya"]
[Black "Stremavicius, Pijus"]
[Result "1-0"]
[WhiteElo "1890"]
[BlackElo "1771"]
[PlyCount "87"]
[EventDate "2016.08.18"]

1. e4 c5 2. Nf3 Nc6 3. d4 cxd4 4. Nxd4 Nf6 5. Nc3 d6 6. g3 Bg4 7. f3 Nxd4 8.
fxg4 Qb6 9. g5 Nd7 10. Nd5 Qc5 11. c3 Ne6 12. Be3 Qc8 13. Bg2 Nc7 14. O-O e6
15. Nxc7+ Qxc7 16. Bd4 e5 17. Be3 Be7 18. h4 g6 19. Qb3 Rf8 20. Rad1 a6 21. Kh2
Rc8 22. Rfe1 b5 23. a4 Qc4 24. Qxc4 bxc4 25. Rd5 Kd8 26. Bh3 Rc6 27. Red1 Kc7
28. Bxd7 Kxd7 29. Rxe5 Rb8 30. Rd2 Bd8 31. Red5 Ke6 32. Kh3 Be7 33. Kg4 Rbb6
34. Bf4 Rc7 35. Kf3 Rbb7 36. a5 Rb8 37. Ke2 Rbb7 38. g4 Rb8 39. Kd1 Rbb7 40.
Kc2 Rb8 41. Rd1 Rbb7 42. Ra1 Rc5 43. Rxc5 dxc5 44. Ra4 1-0

[Event "European Youth Chess Championship B12"]
[Site "Prague, Top Hotel Prague"]
[Date "2016.08.22"]
[Round "5.38"]
[White "Ben Ari, Yannay"]
[Black "Vojta, Jakub"]
[Result "1-0"]
[WhiteElo "1883"]
[BlackElo "1771"]
[PlyCount "41"]
[EventDate "2016.08.18"]

1. b3 e5 2. Bb2 Nc6 3. e3 d5 4. Bb5 Bd6 5. Nf3 Qe7 6. c4 dxc4 7. bxc4 Bg4 8.
Qa4 Bd7 9. Nc3 Nf6 10. O-O e4 11. Nd5 Qe6 12. Ng5 Qf5 13. Bxf6 gxf6 14. Nxe4
Be5 15. Ng3 Qg6 16. d4 Bxg3 17. fxg3 Kd8 18. Nxf6 Qd3 19. Nxd7 Qxe3+ 20. Kh1
Kxd7 21. d5 1-0

[Event "European Youth Chess Championship B12"]
[Site "Prague, Top Hotel Prague"]
[Date "2016.08.22"]
[Round "5.39"]
[White "Torngren, Gustav"]
[Black "Decuigniere, Tom"]
[Result "0-1"]
[WhiteElo "1764"]
[BlackElo "1878"]
[PlyCount "70"]
[EventDate "2016.08.18"]

1. d4 Nf6 2. c4 c5 3. d5 b5 4. Qc2 Na6 5. a3 bxc4 6. e4 e6 7. Bxc4 Nc7 8. Nc3
Be7 9. Nge2 exd5 10. exd5 O-O 11. O-O d6 12. h3 Ba6 13. Bxa6 Nxa6 14. Be3 Qd7
15. Rfd1 Qb7 16. Ng3 g6 17. Rab1 Rac8 18. Nge4 Qd7 19. Qe2 Nc7 20. Qf3 Nxe4 21.
Nxe4 f5 22. Nd2 f4 23. Bxc5 dxc5 24. d6 Qxd6 25. Nc4 Qf6 26. Qb7 Qa6 27. Qb3
Qe6 28. Re1 Qf7 29. Qa4 Rfe8 30. Ne5 Qf5 31. Qxa7 Nb5 32. Qb7 Nd4 33. Qd5+ Kg7
34. g4 fxg3 35. fxg3 Rcd8 0-1

[Event "European Youth Chess Championship B12"]
[Site "Prague, Top Hotel Prague"]
[Date "2016.08.22"]
[Round "5.40"]
[White "Arbuzov, Timofey"]
[Black "Poltorak, Sebastian"]
[Result "0-1"]
[WhiteElo "1870"]
[BlackElo "1763"]
[PlyCount "112"]
[EventDate "2016.08.18"]

1. e4 c6 2. d4 d5 3. e5 Bf5 4. Nc3 e6 5. g4 Bg6 6. Nge2 h6 7. h4 c5 8. Be3 cxd4
9. Nxd4 Be7 10. h5 Bh7 11. Bb5+ Nd7 12. f4 a6 13. Ba4 b5 14. Bb3 Qc7 15. Bxd5
exd5 16. Nxd5 Qb7 17. Qf3 O-O-O 18. c4 b4 19. c5 Bxc5 20. Rc1 Kb8 21. Nf5 Bxf5
22. gxf5 Ne7 23. Bxc5 Nxc5 24. Rxc5 Rxd5 25. Rxd5 Nxd5 26. Rg1 Rc8 27. Rxg7 Qc6
28. Qd1 Qc5 29. Rg3 Kb7 30. Qd2 Rd8 31. Rg7 Qe7 32. Qf2 Qc7 33. Qd2 Kb8 34. Rg3
a5 35. Rd3 Qc5 36. Rd4 Qc6 37. a3 bxa3 38. bxa3 Qc5 39. a4 Ka7 40. e6 fxe6 41.
fxe6 Kb7 42. f5 Qd6 43. Qb2+ Ka8 44. Rd3 Qc5 45. Qe2 Qb4+ 46. Kf2 Qh4+ 47. Kf1
Qh1+ 48. Kf2 Qh4+ 49. Kf1 Qh1+ 50. Kf2 Rg8 51. Qf1 Qh2+ 52. Kf3 Rg1 53. Qf2
Qf4+ 54. Ke2 Qe4+ 55. Re3 Qc4+ 56. Kd2 Qa2+ 0-1

[Event "European Youth Chess Championship B12"]
[Site "Prague, Top Hotel Prague"]
[Date "2016.08.22"]
[Round "5.41"]
[White "Lukyanenko, Artemiy"]
[Black "Harutyunyan, Safar"]
[Result "1/2-1/2"]
[WhiteElo "1752"]
[BlackElo "1867"]
[PlyCount "72"]
[EventDate "2016.08.18"]

1. d4 Nf6 2. Nf3 e6 3. Bf4 c5 4. e3 Nc6 5. Be2 cxd4 6. exd4 Qb6 7. Bc1 d5 8.
O-O Bd6 9. Nc3 a6 10. a3 O-O 11. Na4 Qc7 12. b3 b5 13. Nb2 Ne4 14. Be3 Nc3 15.
Qd2 Nxe2+ 16. Qxe2 e5 17. dxe5 Nxe5 18. Nd4 Ng4 19. h3 Nxe3 20. fxe3 Bd7 21.
Qf3 Be6 22. Nd3 Rae8 23. a4 b4 24. Nf4 Qd7 25. Kh1 Be5 26. Nd3 Bd6 27. Nf4 Qb7
28. Rad1 Bc5 29. Qh5 g6 30. Qh6 Qe7 31. Rf3 Bxd4 32. Rxd4 Qc7 33. Nh5 gxh5 34.
Qg5+ Kh8 35. Qf6+ Kg8 36. Rdf4 Qxc2 1/2-1/2

[Event "European Youth Chess Championship B12"]
[Site "Prague, Top Hotel Prague"]
[Date "2016.08.22"]
[Round "5.42"]
[White "Grzesik, Gracjan"]
[Black "Schlegel, Igor"]
[Result "1-0"]
[WhiteElo "1734"]
[BlackElo "1856"]
[PlyCount "43"]
[EventDate "2016.08.18"]

1. e4 e5 2. Nf3 Nc6 3. d4 exd4 4. Nxd4 Nf6 5. Nc3 Bc5 6. Nb3 Bb4 7. Bd3 d5 8.
exd5 Nxd5 9. Bd2 Ne5 10. Bb5+ c6 11. Nxd5 Qxd5 12. Bxb4 Qe4+ 13. Be2 Qxb4+ 14.
c3 Qe7 15. O-O O-O 16. f4 Ng6 17. Kh1 Bf5 18. Nd4 Be4 19. Bf3 Nxf4 20. Bxe4
Qxe4 21. Qg4 c5 22. Rxf4 1-0